[Event "EU-ch 16th"]
[Site "Jerusalem"]
[Date "2015.02.26"]
[Round "3"]
[White "Korobov, Anton"]
[Black "Solak, Dragan"]
[Result "1-0"]
[WhiteElo "2687"]
[BlackElo "2607"]
[Annotator "Mikhalchishin,A"]
[PlyCount "43"]
[EventDate "2015.02.24"]
[EventType "swiss"]
[EventRounds "11"]
[EventCountry "ISR"]
[SourceTitle "CBM 166"]
[Source "ChessBase"]
[SourceDate "2015.05.11"]
[SourceVersion "1"]
[SourceVersionDate "2015.05.11"]
[SourceQuality "1"]

1. d4 d5 2. c4 c6 3. Nf3 Nf6 4. Nc3 dxc4 5. a4 Bf5 6. Ne5 Nbd7 7. Nxc4 Nb6 8.
Ne5 a5 9. h4 $5 {Incredible! An absolutely new agressive approach. Logical
moves here have been tested in thousands of games.} Nbd7 ({In a later round
the more solid} 9... e6 {was tried:} 10. f3 h5 11. e4 Bh7 12. Be3 Nfd7 13. Nd3
Be7 14. g3 (14. Bf2 $5) 14... O-O 15. Rc1 Rc8 16. Ne2 Na8 17. Nef4 g6 18. Qb3
Rb8 19. Kf2 Nc7 20. Bh3 Re8 21. Rhd1 Nf8 22. Ne5 {Khismatullin,D (2653)-Zoler,
D (2527)/Jerusalem ISR 2015, White obtained total central control.}) 10. Qb3
Nxe5 11. dxe5 Nd7 ({The fate of the variation depends on the playability of
the line} 11... Ng4 12. Qxb7 Nxe5 13. e4 Bg4 14. f3 Rb8 15. Qa6 Bc8) 12. e4 Be6
13. Qxb7 Nxe5 (13... Rb8 {seems to be very logical:} 14. Qa7 (14. Qxc6 $2 Rb6)
14... Nxe5 15. Bf4 f6) 14. Bf4 ({Another way to a better game was promised by} 
14. Be2 g6 15. h5 Rb8 16. Qa7 Rg8 17. f4 Nd7 18. Be3) 14... Rb8 15. Qa6 Ra8 16.
Qe2 ({A playable option was} 16. Rd1 Rxa6 17. Rxd8+ Kxd8 18. Bxa6 Nd7 (18...
Bc4 19. Bxc4 Nxc4 20. b3 e5 21. Bg5+ f6 22. bxc4 fxg5 23. hxg5 Bb4 24. Kd2) 19.
O-O Bb3) 16... Qb8 17. h5 ({It was better to try to develop the bishop} 17. Qe3
g6 18. Be2 Bg7 19. Qg3 h5 20. O-O O-O 21. Rfd1 Ra7 22. Rd2 Rb7 23. Rad1 Rb4)
17... Nd3+ $2 ({Here there was an unbelievable resource:} 17... g5 $1 18. Bxg5
(18. hxg6 fxg6 19. Nb5 Bg7 (19... cxb5 20. Qxb5+ Qxb5 21. Bxb5+ Nd7 22. Be5 Rg8
23. Rxh7) 20. Nd4 Qb4+ 21. Qd2 Nd3+ 22. Bxd3 Bxd4) 18... Qb4 19. Rd1 Bb3 20.
Rd2 Nc4 21. Rd3 Bg7 22. Rhh3 Ne5 23. Rd2 Nc4) 18. Qxd3 Qxf4 19. g3 (19. Rd1 {
would be very nice:} Qe5 20. Rd2 Rb8 21. g3) 19... Qd6 $6 ({It was much better
was to go back immediately:} 19... Qc7 20. Rd1 Rb8 21. Rd2 Rb4 22. Be2 g6 23.
h6 f6 24. Qe3 Qb6) 20. Qe3 ({A possible option was} 20. O-O-O Rb8 21. f4 Qxd3
22. Bxd3 Bb3 23. Bc2 e6 24. Bxb3 Rxb3 25. Kc2 Rb4 26. Rd3) 20... Qb4 ({There
was a long variation which was not so tempting for Solak here:} 20... Rb8 21.
e5 Qc7 22. Bg2 Qb6 23. Qf4 g5 24. hxg6 fxg6 25. Be4 Bg7 26. Rxh7 Rxh7 27. Bxg6+
Kd7 28. Bxh7 Rf8 29. O-O-O+ Kc8 30. Qg5 Rxf2 31. Bc2 Rxc2+ 32. Kxc2 Bb3+ 33.
Kd3 Bxd1 34. Nxd1) 21. Bg2 Bc4 22. e5 {White's advantage is huge here and
Solak castled long here! But the opponent reminded him, that Black had
previously moved his rook before. So Solak smiled and resigned.} 1-0

[Event "Montreal Empresa-A"]
[Site "Montreal"]
[Date "2006.08.09"]
[Round "2"]
[White "Mikhalevski, Victor"]
[Black "Onischuk, Alexander"]
[Result "1/2-1/2"]
[WhiteElo "2571"]
[BlackElo "2668"]
[Annotator "Mikhalevski,V"]
[PlyCount "83"]
[EventDate "2006.08.08"]
[EventType "tourn"]
[EventRounds "9"]
[EventCountry "CAN"]
[EventCategory "15"]
[SourceTitle "CBM 114"]
[Source "ChessBase"]
[SourceDate "2006.10.02"]
[SourceVersion "1"]
[SourceVersionDate "2006.10.02"]
[SourceQuality "1"]

1. d4 d5 {FIrst move and first surprise. Usually Alex starts his games with 1..
.Nf6.} 2. c4 c6 {Another surprise. If I'm not mistaken the last time Onischuk
played the Slav was back in 2000.} 3. Nf3 Nf6 4. Nc3 dxc4 {After he made this
move I understood that he wants me to repeat my recent game against Bareev, in
which despite a rather quick loss Black had options to improve upon his play.}
5. a4 Bf5 6. Ne5 Nbd7 7. Nxc4 Qc7 8. g3 {So this time I decided to go for the
main line.} ({The rare} 8. Qd2 {occured in Mikhalevski,V-Bareev,E, Turin 2006.}
) 8... e5 9. dxe5 Nxe5 10. Bf4 Nfd7 11. Bg2 f6 {An old line, which I was
surprised to see after the convinving win of Aronian in Wijk aan Zee 2006. See
below.} ({Morozevich's} 11... g5 {is the main field for theoretical
discussions these days.}) 12. O-O Nc5 13. Ne3 Bg6 14. b4 Ne6 {Now I realized
that I didn't remember the afore mentioned game and so I played} 15. b5 {
and probably rightly so as I'm sure that Alex prepared an improvement upon
Sokolov's play in that game.} (15. Qb3 $1 Bf7 16. Qb1 Nxf4 ({In later games
Black deviated with either} 16... Rd8) ({or} 16... Be7) 17. gxf4 Ng6 18. b5
Qxf4 19. Rd1 $1 Bd6 20. Rxd6 $1 Qxd6 21. bxc6 O-O 22. Nb5 Qc5 23. cxb7 Rab8 24.
Qf5 {1-0 Aronian,L-Sokolov,I/Wijk aan Zee NED 2006 (34). and White achieved a
decisive advantage.}) 15... Rd8 16. Qb3 Nd4 {Once again Bareev's shadow hang
in mid-air, however I didn't know about that during the game.} ({Black also
tested} 16... Bf7 {The origin game in this line saw} 17. Qb1 $6 (17. Bxe5 $1
fxe5 18. bxc6 bxc6 19. Rab1 Nd4 20. Qb7 Bd6 21. Qa6 {1/2-1/2 Ivanov,S-Lastin,A/
Vrnjacka Banja 1999/EXT 2000 (64). (63) This Stohl's recomendation was tested
already a few times since 1998. I believe White is slightly better here.})
17... Bc5 18. bxc6 bxc6 19. Bxe5 fxe5 20. Qe4 O-O $36 {Van Wely,L-Morozevich,A,
Elista ol(Men)1998 /CBM66 ext [Stohl].}) 17. Qb2 {[%csl Rd4][%cal Gc3d5]} Bc5 {
Black has to protect the knight on d4 in view of a threat of Ncd5.} 18. a5 $1 {
This looks better than Bacrot's 18.Rfc1. This way White prepares a6 and thus
fights for the d5-square.} (18. Rfc1 Qe7 19. bxc6 (19. a5 $5) 19... bxc6 20.
Ne4 Bb4 21. Nc4 Nxc4 22. Rxc4 c5 23. e3 Ne6 24. Nc3 Nxf4 25. Bc6+ Kf8 26. Rxf4
Qe5 27. Rc1 a5 $15 {0-1 Bacrot,E-Gelfand,B/Wijk aan Zee NED 2006(61).}) 18...
O-O 19. a6 $1 bxa6 (19... b6 $5) 20. bxc6 Ndxc6 21. Rxa6 Qc8 22. Ra4 $1 $14 {
As it turned out we were following the game Riazantsev,A-Bareev,E, RUS-ch sf
58th 2005 in which a draw was agreed in the board position. I believe White
can play on as he's in possession of the important d5-square.} Bd4 23. Ned5 {
[%cal Ga4d4] The first achievement. The knight occupies a nice square in the
centre of the board.} Kh8 {Preventing Rxd4 and also bringing the king to a
safe place.} ({After} 23... Qb8 24. Qxb8 (24. Qa3 $5) 24... Rxb8 25. Rc1 $1 {
[%cal Gf4e3] looks strong as Black's knights start to hang.}) 24. Rd1 $1 {
White unpins the c3-knight.} Bc5 25. Rc1 $5 {[%cal Gc3b5] An attempt to
exploit Black's hanging pieces along the c-file.} ({The main alternative was} 
25. Qb5 Bd6 (25... Ne7 26. Ra5 $1 $14) 26. Raa1 $14) 25... Qd7 $2 {Onischuk
misses my idea and gets in trouble.} (25... Bf7 $142 $1 {putting pressure on
d5 was necessary. Still after} 26. Be3 Bxe3 27. Nxe3 $14 {White is better.})
26. Nb5 $1 $16 {Now Black's dark-squared bishop will be exchanged and White
will obtain an advantage of a bishop pair.} Bb6 ({After} 26... Bd6 {White has
a pleasant choice between} 27. Nxd6 ({and the immediate} 27. Ra6 $16) 27...
Qxd6 28. Ra6 $16) 27. Nxb6 axb6 28. Be3 {[%csl Rb6][%cal Gf2f4]} (28. Nc3 Rb8
29. Qb5 Rfc8 30. Nd5 $16 {[%csl Rb6,Rc6] also looked strong.}) 28... Rc8 $1 {
The only defence.} 29. h3 $5 {This quiet move, which solves the problem of the
last rank, is not bad, but White could've captured the b-pawn.} ({Being short
of time I decided to refrain from complications after} 29. Bxb6 $1 Ne7 ({
During the game I was worried more about} 29... Rb8 {However it turns out that
after} 30. Nd4 $1 Nxd4 31. Rxd4 Qe6 32. Rb4 $16 {White keeps an extra pawn.})
30. Rxc8 Qd1+ 31. Bf1 Rxc8 32. Rd4 Qe1 33. Qd2 Qxd2 34. Rxd2 $16) 29... Na5 $1
{[%cal Ga5c4]} 30. Rd4 $1 Rxc1+ 31. Bxc1 Qe6 {[%cal Ge6b3,Ga5b3]} (31... Qe7 $5
) 32. Nc7 (32. Bf4 $5) 32... Qb3 (32... Qe7 $6 {turns out to be bad in view of}
33. Qxb6 Nec4 34. Nd5 $1 Qxe2 (34... Nxb6 35. Nxe7 $16) 35. Qb4 Re8 36. Ne3 $1
Nxe3 37. Bxe3 $18 {[%csl Ra5] and Black is hopeless in view of the awful
position of his knight on a5.}) 33. Qd2 $6 $138 {Entering tactical
complication in mutual time trouble is not the best idea in a better position.}
({White kept an advantage by means of} 33. Bd5 $1 Qxb2 34. Bxb2 $16) 33... Qf7
{[%cal Ga5b3]} (33... Qg8 $5) 34. Rd8 $1 Nb3 $1 {Black forces an exchange of
all heavy pieces.} 35. Qd6 (35. Ba3 $5 Nxd2 36. Rxf8+ Qxf8 37. Bxf8 {would
lead to a better version of the game.}) (35. Qd5 {transposes to the game after}
Rxd8 36. Qxd8+ Qg8) 35... Rxd8 36. Qxd8+ Qg8 37. Qxg8+ Kxg8 $14 38. Ba3 (38.
Bb2 $5 {[%csl Rd4]} Nc4 39. Bc3 $14 {covering the d4-square deserved attention.
}) 38... Nc4 39. Be7 $6 {Provoking Kf7, but allowing the following manoeuvre
in the game.} ({After} 39. Bb4 $5 Nd4 40. Kf1 {The d2-square is not available.}
) 39... Nd4 $1 40. e3 ({Now} 40. Kf1 {allows} Be4 $1 41. Bxe4 Nd2+ 42. Kg2 Nxe4
$11 {with equality.}) 40... Ne2+ 41. Kh2 ({After} 41. Kf1 Nc3 42. Bb4 Bd3+ 43.
Ke1 Ne4 44. Nd5 Kf7 {with the idea} 45. Nf4 Ne5 $1 {it's difficult for White
to make progress.}) 41... Nc3 {[%cal Gg6e4]} 42. Nd5 {I felt that I missed an
advantage and so after the move in the game I offered a draw.} ({White's
advantage after} 42. Nd5 Nxd5 43. Bxd5+ Bf7 $11 {is tiny.}) ({I rejected} 42.
Bb4 {because of} Na2 43. Be1 Nc1 {[%cal Gc1d3] but maybe it's still possible
to play on by means of} 44. Kg1 Nd3 45. Bc3) 1/2-1/2

[Event "EU-ch 16th"]
[Site "Jerusalem"]
[Date "2015.02.27"]
[Round "4"]
[White "Khismatullin, Denis Rimovich"]
[Black "Zoler, Dan"]
[Result "1-0"]
[WhiteElo "2653"]
[BlackElo "2527"]
[Annotator "Mokal,P"]
[PlyCount "53"]
[EventDate "2015.02.24"]
[EventType "swiss"]
[EventRounds "11"]
[EventCountry "ISR"]
[SourceTitle "CBM 166"]
[Source "ChessBase"]
[SourceDate "2015.05.11"]
[SourceVersion "1"]
[SourceVersionDate "2015.05.11"]
[SourceQuality "1"]

1. d4 d5 2. c4 c6 3. Nf3 Nf6 4. Nc3 dxc4 5. a4 Bf5 6. Ne5 Nbd7 7. Nxc4 Nb6 8.
Ne5 a5 9. h4 $5 {Using the novelty played by Anton Korobov just the day before
in the same tournament. The moves 9.f3, 9.g3, 9.e3 or 9.Bg5 have been popular
in this position, with 9.h4 having never been tried before March 2015. There
is still so much more to be discovered in chess!} e6 ({The previous game went} 
9... Nbd7 10. Qb3 Nxe5 11. dxe5 Nd7 12. e4 Be6 13. Qxb7 Nxe5 14. Bf4 Rb8 15.
Qa6 Ra8 16. Qe2 Qb8 17. h5 $14 {with a very slight edge for White in Korobov -
Solak, Jerusalem 2015.}) (9... Nfd7 10. e4 Nxe5 11. exf5 $14 {This usually
happens after 9.f3 but here the move h4 seems to be more useful to White than
f3.}) 10. f3 h5 {This move is a bit circumspect. Thinking long-term, after e4
Bh7, eventually when White attacks the h5-pawn Black might have to play the
ugly move ...g6. For this reason, ...h6 looked better.} (10... h6 $5 11. e4 Bh7
12. Be3 Nfd7 {Maybe a very tiny edge for White but with decent chances of
equalising for Black. Especially because he will not have to worry about the
h5-pawn as in the game.}) 11. e4 Bh7 12. Be3 Nfd7 13. Nd3 $1 {Following the
classical rules, avoiding exchanges when Black is cramped for space.} Be7 14.
g3 O-O {It may seem strange but after this natural developing move, Black
starts losing whatever chances of counterplay he had left.} ({Actually if
something had to be done, it had to be done right now. Black should have
preferred} 14... Qc7 {[%cal Ge7d6] /\...Bd6, to either try to provoke pawn
moves that will bring new squares for the pieces or to look for the ...e5
break.} 15. Ne2 (15. Bf4 Bd6 {any exchange will bring some relief for Black.})
(15. Bf2 Bd6 16. f4 (16. e5 Be7 {[%cal Gh7b1] at least the B is opened.}) 16...
Bb4 $132 {[%cal Gd7f6,Gf6g4]}) 15... c5 $5 16. dxc5 (16. Rc1 c4 $13) 16... Nxc5
17. Rc1 Nbd7 18. Nxc5 Bxc5 19. Nf4 $14 {[%csl Rh5] Black would wish that his
pawn was on h6 instead of h5.}) 15. Rc1 Rc8 ({Even after} 15... Nc4 16. Bf2 Qb6
17. b3 Na3 18. Bg2 Rac8 19. O-O $14 {[%cal Gd4d5] Black will not find it easy
to free himself.}) 16. Ne2 $1 Na8 {Although it is really hard to recommend a
good plan for Black, the manoeuvre undertaken is very passive and places his
pieces too superficially. Black's problem is that he is simply unable to free
his position as his typical breakthroughs do not work.} ({Another
rearrangement of pieces is} 16... Nf6 17. Bh3 Nbd7 {but even then after} 18.
Qb3 {White is clearly better.}) 17. Nef4 g6 (17... Nf6 {tries hard to keep the
eyes of the B open but then Black has no further plan to look forward to.} 18.
Bh3 Nc7 19. O-O $16 {[%cal Gd1b3,Gd3c5] /\Qb3, Nc5.}) 18. Qb3 Rb8 19. Kf2 Nc7
20. Bh3 Re8 21. Rhd1 Nf8 22. Ne5 {Material-wise the position may be equal, but
the difference in the quality of pieces is so huge that White is already
winning. Positionally White has done everything right in this game and it all
started with 13.Nd3!} Na6 $2 {A mistake in an already difficult position.} 23.
d5 $1 exd5 24. Nxd5 Bxh4 ({The evaluation would hardly change after} 24... cxd5
25. Rxd5 Bd6 26. Nxf7 {[%csl Rd6,Rg8]} Kxf7 27. Rxd6+ $18) 25. Nxf7 $1 Kxf7 26.
Ne7+ Kxe7 27. gxh4 $1 {[%cal Ge3g5] Ruthless! Not even taking the queen.} 1-0

[Event "Elgoibar 14th"]
[Site "Elgoibar"]
[Date "2004.12.16"]
[Round "6"]
[White "Gomez Esteban, Juan Mario"]
[Black "Saldano Dayer, Horacio"]
[Result "1-0"]
[WhiteElo "2475"]
[BlackElo "2482"]
[Annotator "Mueller,Karsten"]
[PlyCount "135"]
[EventDate "2004.12.11"]
[EventType "tourn"]
[EventRounds "9"]
[EventCountry "ESP"]
[EventCategory "10"]
[SourceTitle "CBM 105"]
[Source "ChessBase"]
[SourceDate "2005.04.11"]
[SourceVersion "1"]
[SourceVersionDate "2005.04.11"]
[SourceQuality "1"]

1. d4 d5 2. c4 c6 3. Nc3 Nf6 4. Nf3 dxc4 5. a4 Bf5 6. Ne5 Nbd7 7. Nxc4 Nb6 8.
Ne5 a5 9. f3 Nfd7 10. Nxd7 Nxd7 11. e4 Bg6 12. h4 h6 13. Qb3 e6 14. h5 Bh7 15.
Qxb7 Bb4 16. Bd2 O-O 17. Qxc6 Nb6 18. Kf2 Rc8 19. Qb5 f5 20. Qe5 fxe4 21. Be2
Rc6 22. Rad1 exf3 23. gxf3 Rf5 24. Qg3 Bd6 25. Qg4 Rf6 26. Rhg1 Bf8 27. Be3 Bf5
28. Qg3 Nd5 29. Nxd5 Qxd5 30. Rc1 Rxc1 31. Rxc1 Bd6 32. Qh4 Qb3 33. Rc6 Qxb2
34. Bc1 Qb4 35. Rc4 Qb3 36. Be3 Bd3 37. Bxd3 Qxd3 38. Rc8+ Kh7 39. Qg4 Qf5 40.
Ke2 Qxg4 41. fxg4 Bb4 42. Re8 g6 43. Kd3 gxh5 44. gxh5 Kg7 45. Ke4 Kf7 46. Rh8
Bf8 47. Bf4 Bg7 48. Rh7 Kf8 {Weiß hat alles vorbereitet und nutzt nun die
Gelegenheit in ein gewonnenes Bauernendspiel abzuwickeln:} 49. Rxg7 Kxg7 (49...
Rxf4+ 50. Kxf4 Kxg7 51. Ke5 Kf7 52. d5 exd5 53. Kxd5 Kf6 54. Kc5 $18) 50. Be5
Kf7 51. Bxf6 Kxf6 52. Kf4 Kf7 53. Ke5 Ke7 54. d5 exd5 55. Kxd5 Kf6 56. Kc5 Ke5
57. Kb5 Kd5 58. Kxa5 Kc5 59. Ka6 Kc6 60. a5 Kc7 61. Kb5 Kb7 62. Kc5 Ka6 63. Kd5
Kxa5 64. Ke5 Kb6 65. Kf6 Kc6 66. Kg6 Kd6 67. Kxh6 Ke6 68. Kg7 1-0

[Event "Montreal 6th"]
[Site "Montreal"]
[Date "2005.08.12"]
[Round "9"]
[White "Shipov, Sergei"]
[Black "Huzman, Alexander"]
[Result "1/2-1/2"]
[WhiteElo "2582"]
[BlackElo "2577"]
[Annotator "Mueller,Karsten"]
[PlyCount "122"]
[EventDate "2005.08.03"]
[EventType "tourn"]
[EventRounds "11"]
[EventCountry "CAN"]
[EventCategory "12"]
[SourceTitle "CBM 109"]
[Source "ChessBase"]
[SourceDate "2005.11.14"]
[SourceVersion "1"]
[SourceVersionDate "2005.11.14"]
[SourceQuality "1"]

1. d4 d5 2. c4 c6 3. Nc3 Nf6 4. Nf3 dxc4 5. a4 Bf5 6. Nh4 Bd7 7. e3 e6 8. Bxc4
c5 9. Nf3 Nc6 10. O-O Be7 11. Qe2 cxd4 12. exd4 Nb4 13. Ne5 O-O 14. Rd1 Bc6 15.
a5 Rc8 16. a6 bxa6 17. Bxa6 Nxa6 18. Rxa6 Bb7 19. Rxa7 Qb6 20. Ra1 Rfd8 21. Be3
Qb3 22. Nd3 Nd5 23. Nc5 Bxc5 24. dxc5 Nxc3 25. bxc3 Qxc3 26. h3 Qe5 27. Qg4 h5
28. Qh4 Rxd1+ 29. Rxd1 Qe4 30. Qxe4 Bxe4 31. Rd7 h4 32. Rd4 f5 33. Rd7 e5 34.
Re7 {Leads more or less straight to a draw. Führt mehr oder weniger direkt ins
Remis. Mit} ({After} 34. f3 $5 {White could maintain a bit more tension in the
position. konnte Weiß noch mehr Spannung in der Stellung halten.}) 34... f4 35.
Bxf4 exf4 36. Rxe4 Rxc5 37. Rxf4 Rh5 38. Rg4 Kf7 39. f4 Kf6 40. Kf2 g6 41. Ke3
Rh8 42. Rg5 Ra8 43. Rg4 Rh8 44. Ke4 Re8+ 45. Kf3 Rh8 46. Rg5 Ra8 47. Kg4 Ra4 $1
48. Rd5 Ra2 49. Rd6+ Kf7 50. Kf3 Ra3+ 51. Ke2 Ra2+ 52. Rd2 Rxd2+ 53. Kxd2 Ke6
54. Ke2 (54. Kd3 Kf5 55. Ke3 Kf6 56. Ke4 Ke6 $11) 54... Kf6 55. Kf3 Kf5 56. Ke3
Kf6 57. Kf2 Ke6 $1 58. g4 hxg3+ 59. Kxg3 Kf5 60. h4 Ke6 (60... Kf6 61. Kg4 Kf7
62. Kg5 Kg7 $11) 61. Kg4 Kf6 1/2-1/2

[Event "Stepanakert-A"]
[Site "Stepanakert"]
[Date "2005.10.05"]
[Round "4"]
[White "Aronian, Levon"]
[Black "Bu, Xiangzhi"]
[Result "1-0"]
[WhiteElo "2724"]
[BlackElo "2637"]
[Annotator "Mueller,Karsten"]
[PlyCount "137"]
[EventDate "2005.10.02"]
[EventType "tourn"]
[EventRounds "9"]
[EventCountry "ARM"]
[EventCategory "17"]
[SourceTitle "CBM 110"]
[Source "ChessBase"]
[SourceDate "2006.01.31"]
[SourceVersion "1"]
[SourceVersionDate "2006.01.31"]
[SourceQuality "1"]

1. d4 d5 2. c4 c6 3. Nf3 Nf6 4. Nc3 dxc4 5. a4 Bf5 6. Ne5 Nbd7 7. Nxc4 Qc7 8.
g3 e5 9. dxe5 Nxe5 10. Bf4 Nfd7 11. Bg2 g5 12. Bxe5 Nxe5 13. Qd4 f6 14. O-O-O
Be7 15. Ne3 Be6 16. Qe4 Bb3 17. Rd2 O-O 18. h4 Bc5 19. hxg5 fxg5 20. Bh3 Kh8
21. Bf5 Bxe3 22. fxe3 Bg8 23. Qc2 Rad8 24. Rxd8 Rxd8 25. Ne4 Qg7 26. Rh5 h6 27.
Nxg5 Nc4 28. Bd3 Nxe3 29. Qd2 Rd5 30. Qxe3 Rxg5 31. Rh4 Bf7 32. Rd4 Bd5 33. Rf4
Qe5 34. Qf2 Bg8 35. Kb1 a5 36. g4 Kg7 37. Re4 Qd6 38. Qb6 Qd7 39. Rd4 Rd5 40.
Bf5 Be6 41. Bxe6 Qxe6 42. Qxb7+ Kf6 43. Rd3 Kg5 44. Qb3 Qe4 45. Ka2 Rxd3 46.
exd3 Qd4 47. Qg8+ Kf4 48. Qf7+ Kg3 49. Qc4 Qd6 50. d4 Qf4 51. b4 axb4 52. a5
Kxg4 53. a6 Qe3 54. d5+ Kf5 55. Qc2+ Ke5 56. Qb2+ Kf5 57. dxc6 Qb6 58. Qc2+ Ke6
59. Qa4 Qa7 60. c7 Qxc7 61. a7 Qh2+ 62. Kb3 Qg3+ 63. Kxb4 {[%tqu "De","Wie
kann Schwarz Dauerschach geben?","","","g3f4","",0,"g3d6","",2]} Qf4+ $2 {
[%mdl 4096]} (63... Qd6+ 64. Kc3 {auf} (64. Kb5 {folgt das berühmte
Sternschach:} Qd7+ 65. Kb4 Qd4+ 66. Kb3 Qd1+ 67. Ka3 Qa1+ $11) 64... Qg3+ 65.
Kb2 Qf2+ 66. Ka1 Qg1+ $11) 64. Kb5 Qe5+ 65. Kb6 Qb2+ 66. Ka6 Qg2 67. Qe8+ Kd6
68. Qd8+ Kc5 69. Qf8+ 1-0